000 00325 a2200145 4500
001 157242
020 _a9788596029810
040 _cEscola São Tomás de Aquino
100 _aFLORES, Guilherme Gontijo
240 1 0 _aA mancha
_lpor
245 1 0 _aA mancha
362 0 _a2020
697 _a*LITERATURA INFANTIL
942 _cBK
999 _c157242
_d157242